书目信息 |
| 题名: |
数字馆藏评价与绩效分析
|
|
| 作者: | 索传军 著 | |
| 分册: | ||
| 出版信息: | 北京 北京图书馆出版社 2007.11 |
|
| 页数: | 360页 | |
| 开本: | 21cm | |
| 丛书名: | ||
| 单 册: | ||
| 中图分类: | G250.76 | |
| 科图分类: | ||
| 主题词: | 数字图书馆--shu zi tu shu guan--图书馆工作--中国 | |
| 电子资源: | ||
| ISBN: | 978-7-5013-3585-5 | |
| 000 | 00976nam0 2200253 450 | |
| 001 | 012008560665 | |
| 005 | 20080808084846.92 | |
| 010 | @a978-7-5013-3585-5@dCNY29.00 | |
| 100 | @a20080808d2007 em y0chiy0120 ea | |
| 101 | 0 | @achi |
| 102 | @aCN@b110000 | |
| 105 | @ak a 000yy | |
| 106 | @ar | |
| 200 | 1 | @a数字馆藏评价与绩效分析@Ashu zi guan cang ping jia yu ji xiao fen xi@f索传军著@Fsuo chuan jun zhu |
| 210 | @a北京@c北京图书馆出版社@d2007.11 | |
| 215 | @a360页@d21cm | |
| 300 | @a国家哲学社会科学规划项目 | |
| 320 | @a有书目 (第352-358页) | |
| 330 | @a本书以数字馆藏评价和绩效分析为主要内容,对数字馆藏的概念、发展趋势等进行了介绍,尤其对图书馆发展模式、图书馆数字馆藏质量评价、数字馆藏绩效分析与评估等进行了深入研究,对当前图书馆的数字资源管理具有指导意义。 | |
| 606 | 0 | @a数字图书馆@Ashu zi tu shu guan@x图书馆工作@y中国 |
| 690 | @aG250.76@v4 | |
| 701 | 0 | @a索传军@Asuo chuan jun@4著 |
| 801 | 0 | @aCN@bQSSK@c20080808 |
| 905 | @b732862-63@dG250.76@eS996@f2 | |
| 数字馆藏评价与绩效分析/索传军著.-北京:北京图书馆出版社,2007.11 |
| 360页;21cm |
| 国家哲学社会科学规划项目 |
| ISBN 978-7-5013-3585-5:CNY29.00 |
| 本书以数字馆藏评价和绩效分析为主要内容,对数字馆藏的概念、发展趋势等进行了介绍,尤其对图书馆发展模式、图书馆数字馆藏质量评价、数字馆藏绩效分析与评估等进行了深入研究,对当前图书馆的数字资源管理具有指导意义。 |
| ● |
| 相关链接 |
|
|
|
正题名:数字馆藏评价与绩效分析
索取号:G250.76/S996
 
预约/预借
| 序号 | 登录号 | 条形码 | 馆藏地/架位号 | 状态 | 备注 |
| 1 | 732862 | 207328621 | 社科库409/409社科库 59排1列5层/ [索取号:G250.76/S996] | 在馆 | |
| 2 | 732863 | 207328630 | 社科库409/409社科库 59排1列5层/ [索取号:G250.76/S996] | 在馆 |